Language Quiz

Random Language or Letter Quiz

'E' Vocabulary (Insane) Quiz Stats

 Plays Quiz not verified by Sporcle

Score 0/25 Timer 12:00
0 Plays Today
% Correct
ebullient
86%
expunge
82.2%
ecumenical
81.7%
expectorate
79.3%
embrangle
77.5%
exculpate
75.3%
ekistics
73.4%
etouffee (or étouffée)
70.3%
excoriate
69.7%
excogitate
69.7%
etagere (or étagère)
66.9%
eft
58.5%
equivoque
55.9%
% Correct
erse
52.8%
ergot
51.8%
eyrir
51.4%
epizoon
50.6%
extispicy
50.4%
eyot
50%
esurient
49.6%
expatiate
44.9%
eobiont
39.5%
eschar
39.5%
erethic
26.3%
evzone
18.3%

You're not logged in!

Compare scores with friends on all Sporcle quizzes.
OR
Log In

You Might Also Like...

Show Comments

Extras

Top Quizzes Today


Score Distribution

Your Account Isn't Verified!

In order to create a playlist on Sporcle, you need to verify the email address you used during registration. Go to your Sporcle Settings to finish the process.

Report this User

Report this user for behavior that violates our Community Guidelines.

Details: